=LDR 00000nam 2200000 4500 =001 INLIS000000000008071 =005 20130612100001 =008 ***********************************Ind** =035 ##$$0010-061300000008071 =041 ##$$a Ind =082 ##$$a 613.7 =090 ##$$a 613.7, Wil s =100 ##$$a Wijayakusuma, Hembing =245 ##$$a 10 menit menuju sehat dengan terapi tulang kepala belakangcrof H. M. Hembing Wijayakusuma =260 ##$$a 2001 $b Jakarta =300 ##$$a ix, 152 hlm, ilus, 21 cm =650 ##$$a Olah Raga-aspek kesehatan =850 ##$$a NBPNMAT